00419nam a2200121 a 4500001000400000003000500004005001700009008004100026040002000067110005000087245010900137260005100246286CDMR20151016131202.0130130s1925||||||||||||||||||||||||||||d aCDMRbcatcCDMR2 aAsociación de la Prensa Diaria de Barcelona10aAsociación de la Prensa Diaria de Barcelonab: Estatutos, Reglamento de su Montepío, Lista de Socios aBarcelonac1925bTalleres Gráficos Núñez